| 000 | 00344nam a22001457a 4500 | ||
|---|---|---|---|
| 020 | _qPB. | ||
| 040 | _cFIZZA ISHAQ | ||
| 082 |
_a624.15 _bBAR |
||
| 100 |
_aDAS, M. BRAJA. _989495 |
||
| 245 |
_aFOUNDATION ENGINEERING / _cBRAJA M. DAS. |
||
| 250 | _a9th ED. | ||
| 260 |
_aNEW DEHLI, _bCENGAGE, _c2016. |
||
| 300 | _a919 P. ; | ||
| 942 |
_2ddc _cBK |
||
| 999 |
_c588217 _d588217 |
||